000 00877cam a2200253 i 4500
001 18024673
005 20180208031300.0
008 140130s1990 ohua b 001 0 rus
020 _a89063160
020 _a0675211336
020 _a9780675211338 (pbk.)
035 _a(OCoLC)ocm21454206
040 _aDLC
_beng
_cDLC
_dKQV
_dMUQ
_dNLGGC
_dBTCTA
_dBAKER
_dYDXCP
_dBNM
_dDEBBG
_dOCLCO
_dOCLCF
_dDLC
_erda
_dDLC
041 _aeng
042 _alccopycat
080 _a101 HOW
100 1 _a22
101 _aFIL
245 1 0 _aPhilosophical foundations of education /
_cHoward A. Ozmon, Samuel M. Craver.
504 _aIncludes bibliographical references (pages [367]-380).
906 _a7
_bcbc
_ccopycat
_d3
_encip
_f20
_gy-nonroman
942 _2ddc
_cBK
999 _c42048
_d42048